| 000 | 00811nam a22002297a 4500 | ||
|---|---|---|---|
| 003 | DO-SdBNP | ||
| 005 | 20221115140632.0 | ||
| 007 | ta | ||
| 008 | 110301s2021 dr ac 000 0 spa d | ||
| 020 | _a9789945919752 | ||
| 040 |
_aDO-SdBNP _bspa _cBNPHU |
||
| 082 | 4 |
_bS225d _222 |
|
| 100 | 1 |
_aSang Ben, Miguel _953018 |
|
| 245 | 1 | 0 |
_aDivagando : _bcon el covid-19 durante el confinamiento / _cMiguel Sang Ben ; prólogo Iván Ernesto Gatón |
| 260 |
_aSanto Domingo : _bInstituto Superior para la Defensa "General Juan Pablo Duarte y Díez", _c2021. |
||
| 300 |
_a207 p. : _bil., retr. ; _c23 cm. |
||
| 500 | _aIncluye datos biográficos del autor en la solapa de la cubierta | ||
| 590 | _aInventariado, 2022/ YL | ||
| 700 | 1 |
_aGatón, Iván Ernesto, _eprol. _970932 |
|
| 910 | _aYLockward | ||
| 942 |
_2ddc _cLBS1 |
||
| 999 |
_c51605 _d51605 |
||